Globalization and the EU
Elmentve itt :
| Szerző: | |
|---|---|
| Dokumentumtípus: | Vegyes gyűjtemény |
| Kulcsszavak: | globalizáció európai unió |
| Tárgyszavak: | |
| Online Access: | http://eta.bibl.u-szeged.hu/844 |
| LEADER | 00703npc a2200205 i 4500 | ||
|---|---|---|---|
| 001 | eta844 | ||
| 005 | 20190109110320.0 | ||
| 008 | 181130suuuu hu o 0|| eng d | ||
| 040 | |a SZTE Elektronikus Tananyag Archívum |b hun | ||
| 041 | |a eng | ||
| 100 | 1 | |a Bakti Mária | |
| 245 | 1 | 0 | |a Globalization and the EU |h [elektronikus dokumentum] / |c Bakti Mária |
| 650 | 4 | |a Orvos- és egészségtudomány | |
| 650 | 4 | |a Egészségtudományok | |
| 650 | 4 | |a Köz- és környezetegészségügy | |
| 650 | 4 | |a Környezetegészség | |
| 650 | 4 | |a Globalizáció | |
| 695 | |a globalizáció | ||
| 695 | |a európai unió | ||
| 856 | 4 | 0 | |u https://eta.bibl.u-szeged.hu/844/1/2011-0013_bakti_globalization_and_the_eu.zip |z Dokumentum-elérés |